[Event "SVR-op"]
[Site "Heimbach Weis"]
[Date "2017.04.13"]
[Round "4"]
[White "Klinkner, Collin"]
[Black "Busch, Dorothee"]
[Result "1/2-1/2"]
[WhiteElo "817"]
[BlackElo "1315"]
[PlyCount "82"]
[EventDate "2017.04.08"]
[EventType "swiss"]
[EventRounds "7"]
[EventCountry "GER"]
[SourceTitle "EXT 2020"]
[Source "ChessBase"]
[SourceDate "2019.10.17"]
[SourceVersion "1"]
[SourceVersionDate "2019.10.17"]
[SourceQuality "1"]

1. e4 c5 2. c3 a6 3. d4 cxd4 4. cxd4 d6 5. Nf3 Nf6 6. Nc3 e6 7. Bd3 Nbd7 8. 0-0 Be7 9. e5 dxe5 10. dxe5 Nd5 11. Nxd5 exd5 12. Be2 Nb6 13. Be3 0-0 14. Bxb6 Qxb6 15. Qxd5 Be6 16. Qd4 Qxd4 17. Nxd4 Rad8 18. Nxe6 fxe6 19. Rad1 b5 20. Rxd8 Rxd8 21. Rd1 Rf8 22. Bg4 Bc5 23. Rd2 g6 24. Bxe6+ Kg7 25. Rd7+ Kh6 26. Rf7 Rd8 27. Rd7 Rf8 28. Bf7 Rc8 29. g3 Bf8 30. e6 Rc1+ 31. Kg2 Re1 32. Ra7 Re2 33. Rxa6 Bc5 34. Rc6 Rxf2+ 35. Kh1 Rf1+ 36. Kg2 Rf2+ 37. Kh3 Bf8 38. Rc7 Re2 39. Rb7 b4 40. Ra7 Re5 41. Rb7 Kg5 1/2-1/2

[Event "SVR op"]
[Site "Nickenich"]
[Date "2015.04.02"]
[Round "4"]
[White "Herbel, Niklas"]
[Black "Busch, Dorothee"]
[Result "0-1"]
[WhiteElo "1050"]
[BlackElo "1313"]
[PlyCount "86"]
[EventDate "2015.03.28"]
[EventType "swiss"]
[EventRounds "7"]
[EventCountry "GER"]
[SourceTitle "EXT 2016"]
[Source "ChessBase"]
[SourceDate "2015.10.08"]
[SourceVersion "1"]
[SourceVersionDate "2015.10.08"]
[SourceQuality "1"]

1. e4 c5 2. Nf3 e6 3. Nc3 a6 4. d4 cxd4 5. Nxd4 d6 6. f4 Nf6 7. Be3 Nbd7 8. Be2 Be7 9. Qd2 Qc7 10. 0-0-0 b6 11. Bf3 Rb8 12. g3 Bb7 13. Qg2 b5 14. e5 Bxf3 15. Qxf3 dxe5 16. Qc6 Rc8 17. Qxc7 Rxc7 18. fxe5 Ng4 19. Rhe1 Nxe3 20. Rxe3 Bg5 21. Rde1 Bxe3+ 22. Rxe3 0-0 23. h4 Rfc8 24. a3 Rc4 25. Nde2 R4c5 26. b4 Rxe5 27. Rd3 Nb6 28. Nd4 Nc4 29. Kb1 h6 30. Ka2 Ra8 31. Kb3 Re1 32. Rd1 Rxd1 33. Nxd1 Rd8 34. c3 e5 35. Nf2 exd4 36. cxd4 Rxd4 37. Kc3 Rd6 38. a4 Na3 39. Kb3 Nc4 40. Kc3 Nb6 41. a5 Rc6+ 42. Kb3 Nd5 43. Ne4 Rc4 0-1

[Event "SVR-op 36th"]
[Site "Idar Oberstein"]
[Date "2013.03.23"]
[Round "2"]
[White "Ewert, Kenny"]
[Black "Busch, Dorothee"]
[Result "0-1"]
[WhiteElo "1174"]
[BlackElo "1300"]
[PlyCount "60"]
[EventDate "2013.03.23"]
[EventType "swiss"]
[EventRounds "7"]
[EventCountry "GER"]
[SourceTitle "EXT 2014"]
[Source "ChessBase"]
[SourceDate "2013.11.20"]
[SourceVersion "1"]
[SourceVersionDate "2013.11.20"]
[SourceQuality "1"]

1. e4 c5 2. Nf3 d6 3. c3 Nf6 4. Bd3 e6 5. Bc2 Nbd7 6. d4 cxd4 7. cxd4 Be7 8. Nc3 a6 9. Qe2 b5 10. e5 dxe5 11. dxe5 Nd5 12. Nxd5 exd5 13. Bb3 Bb7 14. Be3 0-0 15. Bd4 Rc8 16. e6 Nf6 17. exf7+ Rxf7 18. Ng5 Bb4+ 19. Kf1 Rd7 20. Qe6+ Kf8 21. Bxf6 gxf6 22. Qf5 Qe7 23. h4 Re8 24. Kg1 Kg8 25. Nf3 Kh8 26. Rd1 Red8 27. Kh2 Qg7 28. Rd4 Rg8 29. g3 Bc5 30. Rd2 Bxf2 0-1